|
|
|
|
| LEADER |
00000nam a2200000 a 4500 |
| 001 |
vtls001478108 |
| 003 |
SK-MaSNL |
| 005 |
20260302073607.0 |
| 008 |
240226s1801 xo slo |
| 035 |
|
|
|a SNK000433408
|
| 035 |
|
|
|a 060257FE-7A0F-4D37-A86B-7C15D1824C85
|
| 035 |
|
|
|a urn:nbn:sk:snk-am00ig3k
|
| 040 |
|
|
|a SNKHFA
|b slo
|c SNKHFA
|e AACR2
|
| 041 |
0 |
|
|a slo
|a lat
|
| 044 |
|
|
|a xo
|c SK
|
| 072 |
|
7 |
|a 27-46/-48
|x Pastorálna teológia
|2 konspekt
|
| 080 |
|
|
|a 27-475.5
|2 2011
|
| 100 |
1 |
|
|a Gazda, Jakub Vojtech,
|d 1741-1817
|4 aut
|9 166449
|
| 245 |
1 |
0 |
|a Sedmero Slow, které na Drewě Krjža vmjragjcý Gežiš Krystus posledně promluwil; wčil ale w postnjch Kázňach k duchownému Vžitku a Prospěchu kresťanských wěrjcých Posluchačúw obssjrněgsseg prednésel, a, gaké Tagemstwo w sobě obsahugu, s mrawným Navčenjm wyložil. S Dowolenjm Wrchnosti.
|n Cursus quartus. Běh sstwrtý
|c Pater Adalbertus Gazda, Rádu Menssjch swatého Otca Francisska, Prowincye Salwatoryanskeg skutečný Kazatel
|
| 260 |
|
|
|a W Uherské Skalicy
|b wytisknuté v Ferenca Xaverya Sskarnycla
|c R. 1801
|
| 300 |
|
|
|a [8], 164, [2] s.
|c 16 cm
|
| 501 |
|
|
|a Príväzok 1.: GAZDA, Jakub Vojtech. Gozef Eďyptský Bratrůw swogich hledagjcý;... Cursus quintus. Běh pátý. W Uherské Skalicy: wytisknutý v Ferenca Xawerya Skarnycľa, Roku 1801.
|5 SNK SD 1314/prív.1 ; SD 1314/prív.1 D2 ; SD 1314/prív.1 D3
|
| 501 |
|
|
|a Príväzok 2.: GAZDA, Jakub Vojtech. Obraz Gudássa Isskaryotského, pred Oči, gak Sprawedliwým,... Cursus sextus. Běh ssestý. W Uherské Skalicy: wytisknutý v Francisska Xaw. Skarnycľa, Roku 1801.
|5 SNK SD 1314/prív.2 ; SD 1314/prív.2 D2 ; SD 1314/prív.2 D3
|
| 504 |
|
|
|a Poznámky pod textom
|
| 546 |
|
|
|a Predspisovná slovenčina
|b Fraktúra
|
| 610 |
2 |
7 |
|a Rímskokatolícka cirkev
|2 SNKKA
|9 32394
|
| 650 |
0 |
7 |
|a kázne
|2 SNKPH
|9 1954
|
| 700 |
1 |
|
|a Škarnicel, František Xaver,
|d 1769-1841
|4 prt
|9 157699
|
| 752 |
|
|
|a Slovensko
|d Skalica
|
| 852 |
|
|
|a Slovenská národná knižnica
|b Historické fondy
|
| 852 |
|
|
|a snk
|p SD 1314
|
| 958 |
|
|
|a ONDV
|
| 958 |
|
|
|a DF
|
| 999 |
|
|
|c 1161499
|d 1163429
|
| 952 |
|
|
|a SNK
|b SNK
|y PREZ
|7 0
|p 17A0433859
|o snkSD 1314 D1
|i snkKSF 3627/56
|8 5
|0 0
|1 0
|4 0
|d 2004-07-09
|l 0
|r 2005-01-02 00:00:00
|w 2026-02-24
|
| 952 |
|
|
|a SNK
|b SNK
|y PREZ
|7 0
|p 17A0433480
|o snkSD 1314 D2
|i snkF 2171/65
|8 5
|0 0
|1 0
|4 0
|d 2004-07-09
|l 0
|r 2005-01-02 00:00:00
|w 2026-02-24
|
| 952 |
|
|
|a SNK
|b SNK
|y PREZ
|7 0
|p 17A0433327
|o snkSD 1314 D3
|i snkK 838/68
|8 3
|0 0
|1 0
|4 0
|d 2004-07-09
|l 0
|r 2005-01-02 00:00:00
|w 2026-02-24
|
| 952 |
|
|
|a SNK
|b SNK
|y PREZ
|7 0
|p 17A0806785
|o snkSD 1314
|i snk3322/28
|0 0
|1 0
|4 0
|d 2021-09-21
|f 1
|l 0
|r 2025-10-23 00:00:00
|w 2026-02-24
|